Soledad Sevilla (Record no. 619)

MARC details
000 - LÍDER
campo de control de longitud fija 00880nam a2200205Ia 4500
008 - ELEMENTOS DE DATOS DE LONGITUD FIJA - INFORMACIÓN GENERAL
campo de control de longitud fija 0000002005 sp a 0000000000spa00
090 ## - NÚMERO DE LLAMADA DE TIPO LC LOCALMENTE ASIGNADO (OCLC)
Número de clasificación (OCLC) (R) PSP00 S28s
100 1# - ENTRADA PRINCIPAL - NOMBRE PERSONAL
Nombre de la persona Sevilla, Soledad
Fechas asociadas a un nombre 1944
245 10 - TÍTULO DECLARACIÓN
Título Soledad Sevilla
Resto del título : el rompido
Declaración de responsabilidad / traducción María de Gracia García ; fotografías Jorge Oronoz ...[ et al.]
260 ## - PUBLICACIÓN, DISTRIBUCIÓN
Lugar de publicación Madrid : Galería Soledad Lorenzo
Fecha de publicación 2005
300 ## - DESCRIPCIÓN FÍSICA
Alcance 41 p.
Dimensiones / 27 cm.
500 ## - NOTA GENERAL
Nota general Exposición realizada en la Galería Soledad Lorenzo, Madrid, Junio 2 Julio 15, 2005 \ Con el patronazgo del maestro venezolano Jesús Rafael Soto (q.e.p.d.)
600 00 - ENTRADA DE SUJETO AÑADIDO - NOMBRE PERSONAL
Nombre de la persona SEVILLA, SOLEDAD, 1944/
Subdivisión general TRABAJOS PICTORICOS
650 14 - ENTRADA DE SUJETO AÑADIDO - TÉRMINO TÓPICO
Término tópico o elemento de entrada del nombre geográfico PINTURA ESPAÑOLA
650 14 - ENTRADA DE SUJETO AÑADIDO - TÉRMINO TÓPICO
Término tópico o elemento de entrada del nombre geográfico ARTE CONTEMPORANEO ESPAÑOL
650 14 - ENTRADA DE SUJETO AÑADIDO - TÉRMINO TÓPICO
Subdivisión general CATALOGOS
650 14 - ENTRADA DE SUJETO AÑADIDO - TÉRMINO TÓPICO
Subdivisión general EXPOSICIONES
650 14 - ENTRADA DE SUJETO AÑADIDO - TÉRMINO TÓPICO
Término tópico o elemento de entrada del nombre geográfico PINTORES ESPAÑOLES
700 1# - ENTRADA AGREGADA - NOMBRE PERSONAL
Nombre de la persona Gracia García, María de, tr. \ Oronoz, Jorge
Holdings
Estado de retirada Pérdida de estatus Estado dañado No para préstamo Código de recogida Ubicación permanente Ubicación actual Ubicación de las estanterías Fecha de adquisición Número de llamada completo Código de barras Fecha de la última vez que se vio Número de copia Precio efectivo desde Tipo de artículo Koha
        General ArtNexus ArtNexus General 06/09/2022 P-SP-00 S28S 619 06/09/2022 Ej.1 06/09/2022 Libro

Powered by Koha